<?xml version="1.0" encoding="UTF-8"?><?xml-stylesheet type="text/xsl" href="static/style.xsl"?><OAI-PMH xmlns="http://www.openarchives.org/OAI/2.0/" xmlns:xsi="http://www.w3.org/2001/XMLSchema-instance" xsi:schemaLocation="http://www.openarchives.org/OAI/2.0/ http://www.openarchives.org/OAI/2.0/OAI-PMH.xsd"><responseDate>2026-04-28T21:23:06Z</responseDate><request verb="GetRecord" identifier="oai:uvadoc.uva.es:10324/6068" metadataPrefix="marc">https://uvadoc.uva.es/oai/request</request><GetRecord><record><header><identifier>oai:uvadoc.uva.es:10324/6068</identifier><datestamp>2021-06-29T10:17:16Z</datestamp><setSpec>com_10324_38</setSpec><setSpec>col_10324_852</setSpec></header><metadata><record xmlns="http://www.loc.gov/MARC21/slim" xmlns:doc="http://www.lyncode.com/xoai" xmlns:xsi="http://www.w3.org/2001/XMLSchema-instance" xmlns:dcterms="http://purl.org/dc/terms/" xsi:schemaLocation="http://www.loc.gov/MARC21/slim http://www.loc.gov/standards/marcxml/schema/MARC21slim.xsd">
<leader>00925njm 22002777a 4500</leader>
<datafield tag="042" ind1=" " ind2=" ">
<subfield code="a">dc</subfield>
</datafield>
<datafield tag="720" ind1=" " ind2=" ">
<subfield code="a">Rodrigo Llorente, Rosa María</subfield>
<subfield code="e">author</subfield>
</datafield>
<datafield tag="260" ind1=" " ind2=" ">
<subfield code="c">2014</subfield>
</datafield>
<datafield tag="520" ind1=" " ind2=" ">
<subfield code="a">Este proyecto responde a una necesidad de hacer frente al tratamiento y eliminación de los residuos inertes que se estén generando en la zona de Urnieta en la provincia de Gipúzcoa, como destino del material excedentario de excavación generados durante la construcción de un túnel en una obra de infraestructura lineal ferroviaria próxima a la localización de dicho depósito de sobrantes.Con el fin de conseguir ausencia de impactos ambientales significativos se realiza un estudio de los diferentes componentes del medio físico, biótico, perceptual y socio-económico en la ubicación del depósito de sobrantes, susceptibles de verse afectados en el proyecto analizando los componentes ambientales del entorno, para finalizar con un estudio de restauración del medio alterado, realizando una revegetación del entorno, con siembras y plantaciones de especies autóctonas.</subfield>
</datafield>
<datafield tag="024" ind2=" " ind1="8">
<subfield code="a">http://uvadoc.uva.es/handle/10324/6068</subfield>
</datafield>
<datafield ind1=" " ind2=" " tag="653">
<subfield code="a">Ingeniería agrícola</subfield>
</datafield>
<datafield ind1=" " ind2=" " tag="653">
<subfield code="a">Gestión de residuos</subfield>
</datafield>
<datafield tag="245" ind1="0" ind2="0">
<subfield code="a">Proyecto de integración ambiental y adecuación paisajística de un depósito de sobrantes en urnieta (Guipúzcoa)</subfield>
</datafield>
</record></metadata></record></GetRecord></OAI-PMH>